000 00379cam a2200157ua 4500
041 _aeng
_h
082 _a596
_bADA/VE
100 _aAdamstone, F B .
245 _aVertibrute embriyology /
_cF B Adamstone.
_hTextual Documents
250 _a3 /
_b.
260 _aLondon :
_bJohn Wiley & Sons ,
_c1961.
300 _a98 ; .
504 _a
942 _cBK
999 _c4919
_d4919